000 00261nam a2200109Ia 4500
008 200302s9999 xx 000 0 und d
100 _aNeil Par kyn
245 _aWonders of World Architecture
260 _bThames and Hudson Ltd.
260 _c2009
300 _a304
999 _c3717
_d3717